| 000 -LEADER |
| fixed length control field |
02909cam a22003614a 4500 |
| 001 - CONTROL NUMBER |
| control field |
13879590 |
| 003 - CONTROL NUMBER IDENTIFIER |
| control field |
Nust |
| 005 - DATE AND TIME OF LATEST TRANSACTION |
| control field |
20170418172811.0 |
| 008 - FIXED-LENGTH DATA ELEMENTS--GENERAL INFORMATION |
| fixed length control field |
050222s2005 enka b 001 0 eng |
| 010 ## - LIBRARY OF CONGRESS CONTROL NUMBER |
| LC control number |
2005004147 |
| 020 ## - INTERNATIONAL STANDARD BOOK NUMBER |
| International Standard Book Number |
9781405135566 (pbk. : alk. paper) |
| 020 ## - INTERNATIONAL STANDARD BOOK NUMBER |
| International Standard Book Number |
1405135565 (pbk. : alk. paper) |
| 040 ## - CATALOGING SOURCE |
| Original cataloging agency |
DLC |
| Transcribing agency |
DLC |
| Modifying agency |
DLC |
| 042 ## - AUTHENTICATION CODE |
| Authentication code |
pcc |
| 050 00 - LIBRARY OF CONGRESS CALL NUMBER |
| Classification number |
HD9715.A2 |
| Item number |
T487 2005 |
| 082 00 - DEWEY DECIMAL CLASSIFICATION NUMBER |
| Classification number |
624.0684 THO |
| Edition number |
22 |
| 100 1# - MAIN ENTRY--PERSONAL NAME |
| Personal name |
Thomas, Gill, |
| Dates associated with a name |
1950- |
| 245 10 - TITLE STATEMENT |
| Title |
Construction partnering & integrated teamworking / |
| Statement of responsibility, etc. |
Gill Thomas and Mike Thomas. |
| 246 3# - VARYING FORM OF TITLE |
| Title proper/short title |
Construction partnering and integrated teamworking |
| 260 ## - PUBLICATION, DISTRIBUTION, ETC. |
| Place of publication, distribution, etc. |
Oxford, UK ; |
| -- |
Malden, MA : |
| Name of publisher, distributor, etc. |
Blackwell Pub., |
| Date of publication, distribution, etc. |
2005. |
| 300 ## - PHYSICAL DESCRIPTION |
| Extent |
ix, 235 p. : |
| Other physical details |
ill. ; |
| Dimensions |
25 cm. |
| 504 ## - BIBLIOGRAPHY, ETC. NOTE |
| Bibliography, etc. note |
Includes bibliographical references (p. [230]-232) and index. |
| 505 0# - FORMATTED CONTENTS NOTE |
| Formatted contents note |
The culture change to partnering and integrated teamworking -- Identifying the organisations' value criteria -- Partnering advisers and facilitators -- Internal partnering and managing change -- Selection criteria and weighting -- Selecting supplier partners -- Writing effective partnering documentation -- Evaluating client partners -- Submitting successful partnering bids -- Assessment, evaluation and award -- Developing the integrated team -- Trust -- Respect for people -- Communication -- Non-technical team roles -- Mutual objectives -- Issue resolution -- Partnering champions and the core groups -- Continuous improvement -- Benchmarking and key performance indicators -- A programme of partnering and integrated team workshops -- Initial partnering workshop -- Continuous improvement review -- Post project review -- Value management -- Risk management -- Lean thinking -- Cola--the cross organisational learning approach -- Implementing best value through partnering and integrated teamworking -- Sustainability -- Whole life costing -- Innovation -- Open book accounting -- Incentivisation and award -- Partnering contracts -- Involving interested parties and inducting new staff -- Avoiding the pitfalls of partnering -- Icebreakers and team building exercises. |
| 650 #0 - SUBJECT ADDED ENTRY--TOPICAL TERM |
| Topical term or geographic name entry element |
Construction industry |
| General subdivision |
Management. |
| 650 #0 - SUBJECT ADDED ENTRY--TOPICAL TERM |
| Topical term or geographic name entry element |
Teams in the workplace. |
| 650 #0 - SUBJECT ADDED ENTRY--TOPICAL TERM |
| Topical term or geographic name entry element |
Strategic alliances (Business) |
| 650 #0 - SUBJECT ADDED ENTRY--TOPICAL TERM |
| Topical term or geographic name entry element |
Partnership. |
| 700 1# - ADDED ENTRY--PERSONAL NAME |
| Personal name |
Thomas, Mike, |
| Dates associated with a name |
1947- |
| 856 41 - ELECTRONIC LOCATION AND ACCESS |
| Materials specified |
Table of contents |
| Uniform Resource Identifier |
<a href="http://www.loc.gov/catdir/toc/ecip058/2005004147.html">http://www.loc.gov/catdir/toc/ecip058/2005004147.html</a> |
| 856 42 - ELECTRONIC LOCATION AND ACCESS |
| Materials specified |
Contributor biographical information |
| Uniform Resource Identifier |
<a href="http://www.loc.gov/catdir/enhancements/fy0802/2005004147-b.html">http://www.loc.gov/catdir/enhancements/fy0802/2005004147-b.html</a> |
| 856 42 - ELECTRONIC LOCATION AND ACCESS |
| Materials specified |
Publisher description |
| Uniform Resource Identifier |
<a href="http://www.loc.gov/catdir/enhancements/fy0802/2005004147-d.html">http://www.loc.gov/catdir/enhancements/fy0802/2005004147-d.html</a> |
| 906 ## - LOCAL DATA ELEMENT F, LDF (RLIN) |
| a |
7 |
| b |
cbc |
| c |
orignew |
| d |
1 |
| e |
ecip |
| f |
20 |
| g |
y-gencatlg |
| 942 ## - ADDED ENTRY ELEMENTS (KOHA) |
| Source of classification or shelving scheme |
|
| Koha item type |
Book |